LEADER 01614oam 2200469M 450 001 9910716315903321 005 20200213070631.9 035 $a(CKB)5470000002520980 035 $a(OCoLC)1066028037 035 $a(OCoLC)995470000002520980 035 $a(EXLCZ)995470000002520980 100 $a20071213d1926 ua 0 101 0 $aeng 135 $aurcn||||||||| 181 $ctxt$2rdacontent 182 $cc$2rdamedia 183 $acr$2rdacarrier 200 10$aAppropriation of $ 25,000 from the tribal funds of the Indians of the Quinaielt Reservation, Wash. April 2, 1926. -- Ordered to be printed 210 1$a[Washington, D.C.] :$c[U.S. Government Printing Office],$d1926. 215 $a1 online resource (2 pages) 225 1 $aSenate report / 69th Congress, 1st session. Senate ;$vno. 535 225 1 $a[United States congressional serial set ] ;$v[serial no. 8525] 300 $aBatch processed record: Metadata reviewed, not verified. Some fields updated by batch processes. 300 $aFDLP item number not assigned. 606 $aIndian reservations 606 $aLegislative amendments 606 $aTribal trust funds 606 $aWaterworks 608 $aLegislative materials.$2lcgft 615 0$aIndian reservations. 615 0$aLegislative amendments. 615 0$aTribal trust funds. 615 0$aWaterworks. 701 $aHarreld$b John W$pRepublican (OK)$01386799 801 0$bWYU 801 1$bWYU 801 2$bOCLCO 801 2$bOCLCQ 906 $aBOOK 912 $a9910716315903321 996 $aAppropriation of$93482196 997 $aUNINA LEADER 01564nas 2200385 n 450 001 990009070130403321 005 20240229084335.0 011 $a1720-2639 035 $a000907013 035 $aFED01000907013 035 $a(Aleph)000907013FED01 035 $a000907013 091 $2CNR$aP 00146493 100 $a20090724a19799999km-y0itaa50------ba 101 0 $aita 102 $aIT 110 $aauu-------- 200 1 $a<>Treno 207 1$a1979- 210 $aMilano$c[s.n.] 326 $aTrimestrale 530 0 $a<>Treno 675 $a36 712 02$aSocietà nazionale di mutuo soccorso Cesare Pozzo$c 801 0$aIT$bACNP$c20090723 859 4 $uhttp://acnp.cib.unibo.it/cgi-ser/start/it/cnr/dc-p1.tcl?catno=78172&person=false&language=ITALIANO&libr=&libr_th=unina1$zBiblioteche che possiedono il periodico 901 $aSE 912 $a990009070130403321 958 $aBiblioteca Centrale "F. Gasparini". Facoltà di Ingegneria. Università degli Studi di Napoli "Federico II"$b1989-1996;$edIVf80$fFINBC FINAG 959 $aFINBC 959 $aFINAG 996 $aTreno$9787162 997 $aUNINA AP1 8 $6866-01$aNA104 Biblioteca Centrale "F. Gasparini". Facoltà di Ingegneria. Università degli Studi di Napoli "Federico II"$bdIVf80$ep.le Tecchio,80, 80125 Napoli (NA)$m0817682190;0817682195$m0817682188$nit AP2 40$aacnp.cib.unibo.it$nACNP Italian Union Catalogue of Serials$uhttp://acnp.cib.unibo.it/cgi-ser/start/it/cnr/df-p.tcl?catno=78172&language=ITALIANO&libr=&person=&B=1&libr_th=unina&proposto=NO